West Virginia True or False - Statistics

General Stats
  • This quiz has been taken 7 times
  • The average score is 11 of 15
Answer Stats
Question Answer % Correct
West Virginia borders the Mississippi River False
100%
West Virginia is one of the most diverse states in America False
100%
West Virginia has a national park True
100%
West Virginia votes Republican in presidential elections True
100%
West Virginia has the highest per capita rate of deaths from drug overdoses True
100%
West Virginia seceded from Virginia because it wanted to leave the Union False
86%
West Virginia has two panhandles True
86%
Charleston is the capital of West Virginia True
86%
The song "Take Me Home, Country Roads" is about West Virginia True
86%
West Virginia has one of the lowest religiousness rates in the country False
71%
West Virginia has increased in population since 1960 False
57%
West Virginia produces more coal than any other state False
43%
West Virginia lies entirely in Appalachia True
43%
West Virginia is in the DC Metro True
14%
West Virginia has the highest poverty rate in the country False
0%
No matching quizzes found
Score Distribution
Percent of People with Each Score
Percentile by Number Answered
Your Score History
You have not taken this quiz